000 00941njm a22002897a 4500
005 2010092000210.0
007 sd ammalaaahaa
008 100913t xxu||||| |||| 00| 0 hin d
028 _a3AEX. 5012
_bOdeon
035 _aGR-03404
040 _aSED/VEN
100 _919606
245 _aFilm fabrites of the forties-v.II 1 & 2 /
_h[sound recording] :
246 _aफिल्म फब्रितेस ऑफ़ थे फ़ोर्तिएस-v.II
260 _aDum Dum, India
_bOdeon
_c1965
300 _a1 sound disc [Gramophone record] :
_banalog, 33 1/3 rpm
_c12 in. (LP)
_fGramophone record
500 _aBrief record.
500 _aOdeon
500 _aBlack
650 _aClassical Music
_xExcerpts
_zIndia
_919607
_vFilmi Song
700 _91184
700 _920675
700 _919643
700 _919690
942 _2ddc
_cGR
999 _c46973
_d46973